Toutes les communes du Doubs sur une carte - Statistiques

Statistiques générales
  • Ce quiz a été pris 1 540 fois
    724 depuis la dernière actualisation
  • Le résultat moyen est 74 sur 563
Réponses sur la Carte
Les réponses sont colorées sur une échelle allant du rouge au vert en fonction du pourcentage des utilisateurs qui les ont devinées à leur premier essai. Vous pouvez retrouver ces pourcentages ci-dessous.
 
Statistiques - réponses
Population Commune % Correct
119 198 Besançon
92%
17 849 Pontarlier
82%
25 573 Montbéliard
79%
241 Le Val
69%
6 867 Morteau
69%
4 991 Baume-les-Dames
54%
4 422 Ornans
54%
1 019 Mouthe
53%
13 944 Audincourt
52%
668 Les Monts-Ronds
51%
3 795 Sochaux
51%
1 146 Pays-de-Clerval
48%
5 724 Valdahon
48%
3 272 Doubs
47%
277 Villers-Buzon
47%
137 Villers-Chief
47%
144 Villers-Grélot
47%
50 Villers-la-Combe
47%
5 228 Villers-le-Lac
47%
224 Villers-Saint-Martin
47%
296 Villers-sous-Chalamont
47%
4 244 Maîche
46%
4 986 Saint-Vit
43%
2 662 École-Valentin
40%
2 830 L'Isle-sur-le-Doubs
38%
1 395 Métabief
38%
3 148 Saône
38%
1 380 Beure
37%
2 287 Levier
37%
609 La Chaux
35%
3 109 Les Fins
34%
1 321 Morre
33%
1 909 Pays-de-Montbenoît
33%
10 765 Valentigney
33%
1 959 Mamirolle
32%
1 619 Arc-et-Senans
31%
377 Chalèze
31%
1 941 Frasne
31%
1 859 Jougne
31%
927 Les Hôpitaux-Neufs
31%
463 Les Hôpitaux-Vieux
31%
1 582 Montfaucon
31%
477 Pierrefontaine-lès-Blamont
31%
1 371 Pierrefontaine-les-Varans
31%
4 030 Pont-de-Roide-Vermondans
31%
3 000 Thise
31%
121 Chaux-lès-Passavant
30%
328 Chaux-Neuve
30%
68 Cussey-sur-Lison
30%
2 501 Le Russey
30%
5 784 Seloncourt
30%
260 Chapelle-des-Bois
29%
531 Chapelle-d'Huin
29%
1 618 Étalans
29%
1 560 Les Premiers Sapins
29%
2 235 Avanne-Aveney
28%
1 329 Chalezeule
28%
855 Malbuisson
28%
2 169 Orchamps-Vennes
28%
2 114 Chemaudin et Vaux
27%
2 260 Franois
27%
1 178 Houtaud
27%
1 323 La Cluse-et-Mijoux
27%
2 510 Les Auxons
27%
2 153 Pirey
27%
1 767 Gilley
26%
3 575 Hérimoncourt
26%
1 286 Nancray
26%
301 Saint-Point-Lac
26%
2 112 Val-d'Usiers
26%
2 835 Charquemont
25%
3 245 Exincourt
25%
832 Pouilley-Français
25%
2 102 Pouilley-les-Vignes
25%
140 Châtillon-Guyotte
24%
2 020 Châtillon-le-Duc
24%
118 Dannemarie
24%
1 549 Dannemarie-sur-Crète
24%
3 715 Étupes
24%
1 211 Fontain
24%
1 241 Labergement-Sainte-Marie
24%
1 396 Novillars
24%
3 130 Voujeaucourt
24%
719 Amancey
23%
1 414 Les Fourgs
23%
356 Osse
23%
2 210 Roche-lez-Beaupré
23%
1 703 Vercel-Villedieu-le-Camp
23%
458 Villars-lès-Blamont
23%
284 Villars-Saint-Georges
23%
350 Villars-sous-Dampjoux
23%
344 Villars-sous-Écot
23%
936 Arçon
22%
735 Arc-sous-Cicon
22%
86 By
22%
96 La Grange
22%
187 Longeville
22%
613 Longevilles-Mont-d'Or
22%
1 446 Marchaux-Chaudefontaine
22%
3 585 Bavans
21%
5 308 Bethoncourt
21%
2 185 Montferrand-le-Château
21%
2 209 Montlebon
21%
1 356 Quingey
21%
939 Saint-Hippolyte
21%
2 010 Bart
20%
1 829 Damprichard
20%
1 324 Granges-Narboz
20%
310 Guyans-Durnes
20%
856 Guyans-Vennes
20%
4 731 Mandeure
20%
2 148 Mathay
20%
1 125 Roulans
20%
1 224 Blamont
19%
958 Osselle-Routelle
19%
720 Oye-et-Pallet
19%
1 345 Sancey
19%
1 060 Bouclans
18%
1 329 Devecey
18%
790 Les Gras
18%
350 Mouthier-Haute-Pierre
18%
388 Ouhans
18%
663 Sainte-Marie
18%
1 865 Serre-les-Sapins
18%
246 Abbans-Dessous
17%
290 Abbans-Dessus
17%
1 188 Boussières
17%
1 056 Cussey-sur-l'Ognon
17%
350 Fournet-Blancheroche
17%
275 Goux-lès-Dambelin
17%
60 Goux-sous-Landet
17%
5 857 Grand-Charmont
17%
922 La Rivière-Drugeon
17%
486 La Vèze
17%
234 Lods
17%
638 Vaux-et-Chantegrue
17%
941 Avoudrey
16%
621 Belleherbe
16%
1 195 Colombier-Fontaine
16%
107 Courcelles
16%
1 405 Courcelles-lès-Montbéliard
16%
1 577 Dampierre-les-Bois
16%
453 Dampierre-sur-le-Doubs
16%
623 Deluz
16%
789 Dommartin
16%
380 Fourg
16%
1 797 Grandfontaine
16%
70 Grandfontaine-sur-Creuse
16%
795 Larnod
16%
2 659 Miserey-Salines
16%
320 Saint-Antoine
16%
941 Amagney
15%
425 Audeux
15%
429 Autechaux
15%
507 Autechaux-Roide
15%
411 Bonnevaux
15%
1 031 Chaffois
15%
213 Corcelles-Ferrières
15%
491 Écot
15%
826 Flangebouche
15%
889 Frambouhans
15%
467 Fuans
15%
1 506 Grand'Combe-Châteleu
15%
445 Laissey
15%
171 Les Alliés
15%
766 Les Combes
15%
729 Rochejean
15%
1 021 Rougemont
15%
2 873 Vieux-Charmont
15%
898 Arbouans
14%
1 484 Arcey
14%
368 Bannans
14%
476 Brognard
14%
494 Bulle
14%
295 Cléron
14%
640 Épenoy
14%
2 164 Fesches-le-Châtel
14%
854 Maisons-du-Bois-Lièvremont
14%
1 606 Nommay
14%
159 Saint-Julien-lès-Montbéliard
14%
183 Saint-Julien-lès-Russey
14%
1 508 Tarcenay-Foucherans
14%
249 Vennes
14%
251 Aubonne
13%
92 Belvoir
13%
612 Émagny
13%
1 282 Geneuille
13%
153 Goumois
13%
515 La Chenalotte
13%
310 Les Grangettes
13%
93 Nans
13%
171 Nans-sous-Sainte-Anne
13%
456 Noël-Cerneux
13%
327 Noirefontaine
13%
189 Passavant
13%
1 560 Pelousey
13%
446 Remoray-Boujeons
13%
464 Sainte-Colombe
13%
1 422 Sainte-Suzanne
13%
1 121 Taillecourt
13%
339 Thoraise
13%
800 Vaire
13%
993 Bonnétage
12%
452 Boujailles
12%
884 Bourguignon
12%
607 Épeugney
12%
225 Le Barboux
12%
508 Le Bélieu
12%
526 Les Fontenelles
12%
592 L'Hôpital-du-Grosbois
12%
123 L'Hôpital-Saint-Lieffroy
12%
615 Loray
12%
286 Malpas
12%
1 427 Montenois
12%
925 Montperreux
12%
808 Naisey-les-Granges
12%
267 Saint-Gorgon-Main
12%
1 012 Torpes
12%
521 Trévillers
12%
522 Venise
12%
481 Verrières-de-Joux
12%
699 Vuillafans
12%
88 Adam-lès-Passavant
11%
105 Adam-lès-Vercel
11%
830 Bonnay
11%
171 Brey-et-Maison-du-Bois
11%
662 Busy
11%
1 379 Dasle
11%
299 Dompierre-les-Tilleuls
11%
613 Dung
11%
342 Éternoz-Vallée-du-Lison
11%
160 Fessevillers
11%
680 Gennes
11%
260 Indevillers
11%
350 Laviron
11%
300 Le Bizot
11%
756 Les Écorces
11%
159 Mérey-Vieilley
11%
546 Trépot
11%
814 Vandoncourt
11%
320 Abbenans
10%
1 090 Abbévillers
10%
605 Anteuil
10%
374 Bolandoz
10%
420 Bouverans
10%
239 Bugny
10%
624 Byans-sur-Doubs
10%
246 Champlive
10%
109 Châtelblanc
10%
100 Corcelle-Mieslot
10%
393 Évillers
10%
169 Ferrières-le-Lac
10%
323 Ferrières-les-Bois
10%
735 Fournets-Luisans
10%
263 Gellin
10%
564 Gonsans
10%
152 La Chevillotte
10%
242 Le Luhier
10%
555 Liesle
10%
487 Montgesoye
10%
563 Montrond-le-Château
10%
50 Sainte-Anne
10%
658 Vuillecin
10%
163 Aïssey
9%
738 Allenjoie
9%
206 Braillans
9%
49 Burnevillers
9%
274 Champagney
9%
390 Chantrans
9%
517 Chaucenne
9%
502 Chenecey-Buillon
9%
138 Chevigney-lès-Vercel
9%
290 Chevigney-sur-l'Ognon
9%
25 Consolation-Maisonnettes
9%
501 Dambelin
9%
738 Dambenois
9%
339 Déservillers
9%
191 Durnes
9%
317 La Planée
9%
175 Lavans-Quingey
9%
245 Lavans-Vuillafans
9%
480 Les Bréseux
9%
133 Les Pontets
9%
210 Les Villedieu
9%
42 Longevelle-lès-Russey
9%
661 Longevelle-sur-Doubs
9%
388 Rang
9%
558 Roset-Fluans
9%
904 Saint-Maurice-Colombier
9%
581 Vorges-les-Pins
9%
245 Allondans
8%
225 Arc-sous-Montenot
8%
801 Badevel
8%
541 Berche
8%
479 Bondeval
8%
289 Bretonvillers
8%
573 Burgille
8%
315 Cernay-l'Église
8%
386 Chamesol
8%
280 Charmauvillers
8%
322 Charmoille
8%
247 Courtefontaine
8%
321 Courvières
8%
828 Étouvans
8%
288 Étray
8%
82 Fontenelle-Montby
8%
339 Glay
8%
185 Glère
8%
122 Grand'Combe-des-Bois
8%
252 Grosbois
8%
238 Landresse
8%
245 La Sommette
8%
61 Le Crouzet
8%
164 Longemaison
8%
727 Lougres
8%
617 Moncey
8%
112 Montbéliardot
8%
551 Montécheroux
8%
90 Narbief
8%
397 Noironte
8%
174 Orsans
8%
163 Petite-Chaux
8%
276 Plaimbois-du-Miroir
8%
118 Plaimbois-Vennes
8%
701 Pugey
8%
412 Rancenay
8%
701 Recologne
8%
36 Reculfoz
8%
108 Rennes-sur-Loue
8%
275 Reugney
8%
378 Rigney
8%
364 Ruffey-le-Château
8%
70 Samson
8%
288 Scey-Maisières
8%
378 Septfontaines
8%
432 Tallenay
8%
16 Urtière
8%
675 Vieilley
8%
88 Accolans
7%
464 Aibre
7%
170 Amathay-Vésigneux
7%
384 Appenans
7%
267 Beutal
7%
101 Bremondans
7%
318 Champvans-les-Moulins
7%
201 Chay
7%
148 Cour-Saint-Maurice
7%
116 Crouzet-Migette
7%
167 Dampjoux
7%
716 Désandans
7%
263 Écurcey
7%
186 Étrabonne
7%
137 Flagey
7%
128 Flagey-Rigney
7%
239 Issans
7%
319 La Tour-de-Sçay
7%
566 Lavernay
7%
179 Malbrans
7%
187 Mancenans-Lizerne
7%
542 Mercey-le-Grand
7%
284 Moncley
7%
120 Montancy
7%
372 Montandon
7%
179 Myon
7%
357 Onans
7%
253 Ougney-Douvot
7%
142 Palise
7%
845 Pouligney-Lusans
7%
476 Présentevillers
7%
338 Raynans
7%
616 Roches-lès-Blamont
7%
192 Sarrageois
7%
270 Touillon-et-Loutelet
7%
483 Vernierfontaine
7%
135 Belfays
6%
361 Berthelange
6%
114 Bief
6%
20 Bonnal
6%
86 Breconchaux
6%
76 Bretigney
6%
120 Bretigney-Notre-Dame
6%
193 Buffard
6%
140 Chamesey
6%
120 Chassagne-Saint-Denis
6%
117 Chazot
6%
136 Chevroz
6%
236 Courchapon
6%
285 Cuse-et-Adrisans
6%
195 Dammartin-les-Templiers
6%
178 Domprel
6%
87 Échevannes
6%
285 Fallerans
6%
264 Fontaine-lès-Clerval
6%
168 Fourbanne
6%
119 Fourcatier-et-Maison-Neuve
6%
113 Germéfontaine
6%
199 Glamondans
6%
64 Hyèvre-Magny
6%
195 Hyèvre-Paroisse
6%
272 Jallerange
6%
80 La Bosse
6%
124 Les Terres-de-Chaux
6%
148 Liebvillers
6%
95 Lizine
6%
172 Lomont-sur-Crête
6%
314 Mancenans
6%
187 Mont-de-Laval
6%
168 Neuchâtel-Urtière
6%
56 Orve
6%
67 Ouvans
6%
300 Pompierre-sur-Doubs
6%
206 Pont-les-Moulins
6%
139 Provenchère
6%
215 Rémondans-Vaivre
6%
357 Rurey
6%
125 Saint-Georges-Armont
6%
157 Saint-Hilaire
6%
185 Saint-Juan
6%
194 Sauvagney
6%
119 Surmont
6%
260 Thiébouhans
6%
262 Valonne
6%
120 Vaucluse
6%
150 Vaufrey
6%
357 Velesmes-Essarts
6%
94 Vellerot-lès-Belvoir
6%
67 Vellerot-lès-Vercel
6%
185 Vyt-lès-Belvoir
6%
45 Battenans-les-Mines
5%
77 Battenans-Varin
5%
70 Belmont
5%
54 Blarians
5%
82 Blussangeaux
5%
190 Blussans
5%
182 Branne
5%
67 Cademène
5%
197 Cendrey
5%
90 Champoux
5%
10 Châteauvieux-les-Fossés
5%
145 Corcondray
5%
91 Courtetain-et-Salans
5%
144 Crosey-le-Grand
5%
122 Crosey-le-Petit
5%
120 Échay
5%
185 Feule
5%
85 Fleurey
5%
267 Franey
5%
80 Froidevaux
5%
411 Laire
5%
160 Lanans
5%
528 Lantenne-Vertière
5%
45 Le Mémont
5%
129 Le Moutherot
5%
78 Longechaux
5%
233 Mésandans
5%
338 Meslières
5%
23 Montjoie-le-Château
5%
337 Passonfontaine
5%
89 Pessans
5%
111 Rignosot
5%
97 Roche-lès-Clerval
5%
38 Rondefontaine
5%
80 Rosureux
5%
232 Saules
5%
116 Séchin
5%
123 Valoreille
5%
241 Vellevans
5%
219 Villeneuve-d'Amont
5%
88 Amondans
4%
157 Avilley
4%
322 Cessey
4%
474 Charnay
4%
258 Chouzelot
4%
87 Côtebrune
4%
149 Cubrial
4%
99 Cubry
4%
77 Cusance
4%
163 Échenans
4%
167 Épenouse
4%
64 Esnans
4%
209 Étrappe
4%
120 Eysson
4%
98 Faimbe
4%
309 Fertans
4%
83 Gémonval
4%
122 Geney
4%
60 Germondans
4%
142 Gevresin
4%
80 Gondenans-les-Moulins
4%
166 Gondenans-Montby
4%
102 Huanne-Montmartin
4%
214 Hyémondans
4%
70 Lanthenans
4%
35 Laval-le-Prieuré
4%
211 Les Plains-et-Grands-Essarts
4%
178 Le Vernoy
4%
193 Lombard
4%
157 Luxiol
4%
63 Magny-Châtelard
4%
154 Malans
4%
219 Mazerolles-le-Salin
4%
196 Mont-de-Vougney
4%
91 Montmahoux
4%
38 Ollans
4%
40 Orgeans-Blanchefontaine
4%
138 Péseux
4%
197 Placey
4%
132 Rahon
4%
117 Randevillers
4%
45 Renédale
4%
112 Rosières-sur-Barbèche
4%
134 Solemont
4%
140 Soulce-Cernay
4%
376 Soye
4%
209 Thulay
4%
117 Thurey-le-Mont
4%
179 Uzelle
4%
203 Val-de-Roulans
4%
79 Vauclusotte
4%
79 Vaudrivillers
4%
253 Vennans
4%
54 Vernois-lès-Belvoir
4%
77 Voires
4%
59 Bartherans
3%
190 Bournois
3%
72 Brères
3%
62 Fontenotte
3%
110 Guillon-les-Bains
3%
70 La Bretenière
3%
158 La Prétière
3%
92 L'Écouvotte
3%
108 Le Puy
3%
154 Marvelise
3%
280 Médière
3%
70 Mesmay
3%
85 Mondon
3%
126 Montagney-Servigney
3%
55 Montussaint
3%
65 Palantine
3%
119 Paroy
3%
122 Romain
3%
90 Rougemontot
3%
312 Semondans
3%
204 Servin
3%
139 Silley-Amancey
3%
61 Silley-Bléfond
3%
116 Sourans
3%
28 Tressandans
3%
119 Gouhelans
2%
96 Rillans
2%
91 Ronchaux
2%
77 Rouhe
2%
113 Tournans
2%
102 Trouvans
2%
145 Valleroy
2%
117 Vergranne
2%
125 Verne
2%
196 Voillans
2%
27 Montivernage
1%
33 Puessans
1%
49 Rognon
1%
47 Tallans
1%
92 Viéthorey
1%
Aucun quiz correspondant
Distribution des résultats
% des personnes avec chaque résultat
Percentile par nombre de réponses
Votre historique - résultats
Vous n’avez pas pris ce quiz depuis la dernière actualisation